000 01732nam a2200289 a 4500
003 AM-YeHGA
005 20250617154941.0
008 180322s1956 ru |||||r|||||001|0|rus||
040 _aAM-YeHGA
041 0 _arus
245 0 0 _aРеволюционное движение в Псковской губернии в 1905-1907 гг. :
_b(Сборник документов) /
_cСост.: Г. М. Дейч, Ф. И. Бунина и Р. Я. Окунева ; Архивный отд. Упр. МВД по Псковской обл. ; Псковский педин-т им. С. М. Кирова.
260 _aПсков :
_bГаз. "Псковская правда",
_c1956.
300 _a298 с. ;
_c20 см.
504 _aБиблиогр. в подстроч. примеч.
650 1 4 _aИстория России
650 1 4 _aКлассовая борьба
650 1 4 _aОбщественно-политические движения в России
_yНач. 20 в
650 1 4 _aРусское революционное движение
_xИстория
_yНач. 20 в.
653 0 _aПервая русская революция (1905-1907) - История - Псковская губерния - Документы и материалы
700 1 _aДейч, Генрих Маркович
_eавт.
_eсост.
_4com
700 1 _aБунина, Ф. И.
_eавт.
_eсост.
_4com
700 1 _aОкунева, Р. Я.
_eавт.
_eсост.
_4com
710 2 _aУправление МВД по Псковской области
_bАрхивный отдел
710 2 _aПсковский педагогический институт им. С. М. Кирова
942 _2udc
_cBK
090 _c425421
999 _c422990
_d422990